000 00537nam a2200193Ia 4500
005 20250923145029.0
008 008 250917s9999 xx 000 0 eng d
037 _aTextual
040 _aDSWL
_beng
_cDSWL
041 _aeng
_2eng
084 _aX
_qDSWL
245 0 _aIndustrial relations : Contemporary problems and perspectives
_cEd.by B.C. Roberts
260 _aBombay
_bAsia Publiing House
_c1962
300 _aix,294 p.
365 _aINR
_b18
925 _g18
942 _cTEXL
_hX
999 _c1446243
_d1446243